Návrh metodiky zabezpečenia personálu maloobchodných predajní v s. r. o. L. Kabát, Bratislava : Diplomová práca

Saved in:
Bibliographic Details
Main Author: Beličková, Jozefa (Author)
Other Authors: Burcl, Rudolf, 1933- (xxx)
Format: Manuscript Book
Language:Slovak
Published: Trnava : STU v Bratislave MtF KMK, 2000
Subjects:
Tags: Add Tag
No Tags, Be the first to tag this record!

MARC

LEADER 00000ntm a22000003a 4500
001 stu79062
005 20160719155009.8
008 030217s2000----xo------------------slo-d
040 |a STU  |b slo 
041 0 |a slo 
044 |a xo 
100 1 |a Beličková, Jozefa  |4 aut 
245 1 |a Návrh metodiky zabezpečenia personálu maloobchodných predajní v s. r. o. L. Kabát, Bratislava :  |b Diplomová práca 
260 |a Trnava :  |b STU v Bratislave MtF KMK,  |c 2000 
300 |a 66 s  |c abstr. + príl. 
650 7 |a získavanie pracovníkov  |2 stusub 
650 7 |a maloobchodné predajne  |2 stusub 
650 7 |a manažment priemyselných podnikov  |2 stusub 
700 1 |a Burcl, Rudolf,  |d 1933-  |4 xxx  |u M190  |U MTF Materiálovotechnologická fakulta  |T MTF Katedra priemyselného inžinierstva a manažmentu  |X 1534  |U M190  |Y 167  |7 A000001534